000 00602nam a2200205Ia 4500
005 20250508162829.0
008 008 250505s9999 xx 000 0 eng d
020 _a0-09-182279-3
037 _aTextual
040 _aFEDL
_beng
_cFEDL
041 _aeng
_2eng
084 _a157.9, FIS
_qFEDL
100 _aFishman H. Charles
_9774140
245 0 _aTreating troubled adolescents : A family therapy approach
260 _aLondon, UK
_bHutchinson and Co. Ltd.
_c1988
300 _axii,318p.
650 _aAbnormal Psychology
942 _cTEXL
_h157.9, FIS
999 _c1378936
_d1378936